Vyučovanie mimičítankového čítania na rozvíjanie vyjadrovania žiakov

Bibliographic Details
Main Author: Kitková, Margita (Author)
Format: Article
Language:Slovak
Subjects:

MARC

LEADER 00000nab a2200000 a 4500
001 vtls008951139
003 SK-MaSNL
005 20260304135858.0
008 250505 1976 xo | 000 0 slo
015 |a SNBRB1977 
035 |a (uuid)40696e72-54a4-4622-9b1d-1b46eb7a8d38 
035 |a urn:nbn:sk:snk-abzgl 
035 |a (urnnbn)urn:nbn:sk:snk:ar-a04zhe 
040 |a SNKBUCL  |b slo  |c SNKBUCL  |e AACR2 
041 0 |a slo 
044 |a xo  |c SK 
080 |a 37.016:028-028.31  |2 2001 
080 |a 373.3  |2 2001 
100 1 |a Kitková, Margita  |4 aut  |9 1455665 
245 1 0 |a Vyučovanie mimičítankového čítania na rozvíjanie vyjadrovania žiakov  |c Margita Kitková 
650 0 7 |a čítanie  |2 snkbucl  |9 1654 
650 0 7 |a mimočítankové čítanie  |2 snkbucl  |9 1053992 
650 0 7 |a základné školy  |2 snkbucl  |9 1280 
773 0 |t Slovenský jazyk a literatúra v škole  |g Roč. 23, č. 5 (1976/1977), s. 144-147 
850 |a Slovenská národná knižnica 
852 |a Slovenská národná knižnica 
954 |a odborná, vedecká literatúra pôvodná (slovenská)  |2 lita 
958 |a article27 
958 |a OND 
958 |a EUIPO 
999 |c 2912621  |d 2914551